00438nam a2200193Ia 4500003000900000008004100009040001300050040001300063041000800076100001300084100000800097245005800105250001000163260001200173260000900185300000800194490003600202490000600238IT-RoPAU120407s9999 xx 000 0 und d aIT-RoPAU cIT-RoPAU afra aAmbrogio csan aDes Sacramentes. Des Mysteres. Explicationdu symbole. aParis aDu Cerf c1994 c cm aSources Chrétiennes, 25 bis v1